000 00619nam a22002052 4500
001 0000002416
005 20151217145728.0
008 070410s xx 000 0 eng d
020 _a0761998470 :
_cKES 665
040 _aKABU
_cKABU
050 0 _aHF5549
_b.R36
100 1 _aRao, T. V.
_@0000151774
245 1 0 _aPerfomance management and appraisal systems :
_bHR tools for global competitiveness.
260 _aNew Delhi :
_bResponse books,
_c2004.
300 _axix, 330 p.
650 0 _aPersonnel management.
_@0000150761
908 _a070410
950 _@1
999 _c1989
_d1989